Innovative pedagogies in the national education policy NEP 2020 (Record no. 393786)

MARC details
000 -LEADER
fixed length control field 00536 a2200181 4500
005 - DATE & TIME
control field 20251227120504.0
008 - FIXED-LENGTH DATA ELEMENTS--GENERAL INFORMATION
fixed length control field 251227b |||||||| |||| 00| 0 eng d
020 ## - ISBN
International Standard Book Number 9788197907494
Price Rs. 800.00
040 ## - CATALOGING SOURCE
Original cataloging agency VIVEKANANDA LIBRARY
082 ## - DDC NUMBER
Classification number 379.54
Book Number S23I
100 ## - MAIN ENTRY--PERSONAL NAME
Personal name Sharma, Neha
245 ## - TITLE STATEMENT
Title Innovative pedagogies in the national education policy NEP 2020
260 ## - PUBLICATION, DISTRIBUTION, ETC. (IMPRINT)
Name of publisher, distributor, etc Kanishka Publishers, Distributors
Date of publication, distribution, etc 2025
Place of publication, distribution, etc New Delhi
300 ## - PHYSICAL DESCRIPTION
Pages xiii, 210
650 ## - Subject
Subject Education-Public Policy
650 ## - Subject
Subject Educational Policy in India
942 ## - ADDED ENTRY ELEMENTS (KOHA)
Koha item type Books
Holdings
Withdrawn status Lost status Source of classification or shelving scheme Damaged status Not for loan Location (home branch) Sublocation or collection (holding branch) Shelving location Date acquired Koha issues (times borrowed) Koha full call number Accession No. Koha date last seen Koha item type
    Dewey Decimal Classification     VIVEKANANDA LIBRARY VIVEKANANDA LIBRARY Centre for Disability Studies 03/12/2025   379.54 S23I 443407 03/12/2025 Books
    Dewey Decimal Classification     VIVEKANANDA LIBRARY VIVEKANANDA LIBRARY Centre for Disability Studies 03/12/2025   379.54 S23I 443409 03/12/2025 Books
    Dewey Decimal Classification     VIVEKANANDA LIBRARY VIVEKANANDA LIBRARY Centre for Disability Studies 03/12/2025   379.54 S23I 443410 03/12/2025 Books
    Dewey Decimal Classification     VIVEKANANDA LIBRARY VIVEKANANDA LIBRARY Centre for Disability Studies 03/12/2025   379.54 S23I 443408 03/12/2025 Books
© Designed and Maintained by Vivekananda Library, MDU Rohtak